书目信息 |
| 题名: |
简单的谋杀艺术
|
|
| 作者: | 钱德勒 著 ;董乐山 , 石蓝 译 | |
| 分册: | ||
| 出版信息: | 北京 新星出版社 2008.04 |
|
| 页数: | 488页 | |
| 开本: | 22cm | |
| 丛书名: | 午夜文库 | |
| 单 册: | ||
| 中图分类: | I712.45 | |
| 科图分类: | ||
| 主题词: | 侦探小说--美国--现代--选集 , 长篇小说 , 长篇小说--美国--现代--选集 , 侦探小说 | |
| 电子资源: | ||
| ISBN: | 978-7-80225-469-5 | |
| 000 | 01030oam2 2200325 450 | |
| 001 | 1241419791 | |
| 005 | 20120107113106.39 | |
| 010 | @a978-7-80225-469-5@dCNY33.00 | |
| 090 | @aI712.45@bqdl | |
| 096 | @aI712.45@bqdl | |
| 100 | @a20080813d2008 em y0chiy50 ea | |
| 101 | 1 | @achi@ceng |
| 102 | @aCN@b110000 | |
| 105 | @ay z 000ay | |
| 200 | 1 | @a简单的谋杀艺术@b专著@dThe simple art of murder@g董乐山,石蓝译@zeng@9jian dan de mou sha yi shu |
| 210 | @a北京@c新星出版社@d2008.04 | |
| 215 | @a488页@d22cm | |
| 225 | 2 | @a午夜文库@i大师系列 |
| 462 | 0 | @1001003890119 |
| 510 | 1 | @aSimple art of murder@zeng |
| 606 | 0 | @a侦探小说@y美国@z现代@j选集 |
| 606 | 0 | @a长篇小说 |
| 606 | 0 | @a长篇小说@y美国@z现代@j选集 |
| 606 | 0 | @a侦探小说 |
| 690 | @aI712.45@v4 | |
| 701 | 0 | @c(美)@a钱德勒@c(Chandler, Raymond@f1888~1959)@4著@9qian de le |
| 702 | 0 | @a董乐山@f(1924~1999)@4译@9dong le shan |
| 702 | 0 | @a石蓝@4译@9shi lan |
| 801 | 0 | @aCN@b大连网信软件有限公司图书馆·11@c20120107 |
| 905 | @aZUCC@dI712.45@eQ1934 | |
| 简单的谋杀艺术=The simple art of murder/董乐山,石蓝译.-北京:新星出版社,2008.04 |
| 488页;22cm.-(午夜文库.大师系列) |
| ISBN 978-7-80225-469-5:CNY33.00 |
| ● |
| 相关链接 |
|
|
|
正题名:简单的谋杀艺术
索取号:I712.45/Q1934
 
预约/预借
| 序号 | 登录号 | 条形码 | 馆藏地/架位号 | 状态 | 备注 |
| 1 | 480268 | 204802687 | 文学库116/116文学库 28排6列1层/ [索取号:I712.45/Q1934] | 在馆 | |
| 2 | 480269 | 204802696 | 文学库116/116文学库 28排6列1层/ [索取号:I712.45/Q1934] | 在馆 |